Statistics for The Human Body: True or False

Click here to take the quiz!

General Stats

  • This quiz has been taken 116 times
  • The average score is 14 of 25

Answer Stats

QuestionAnswer% Correct
The average human will shed 40 pounds of skin in their lifeTrue
90%
During your lifetime, you will produce enough saliva to fill two swimming pools.True
78%
By age sixty you will have lost half your taste budsTrue
73%
A full bladder is roughly the size of a softballTrue
72%
Your brain uses up about 20% of all your body’s oxygen and caloriesTrue
69%
Swallowed chewing gum takes seven years to digestFalse
68%
Your teeth start growing 6 months before you are bornTrue
62%
80% of your brain is waterTrue
62%
Your stomach acid is strong enough to dissolve razor bladesTrue
61%
You are about 1 cm shorter at night.True
60%
Apart from identical twins every single person on Earth has a unique smellTrue
59%
Women blink twice as much as menTrue
58%
Your cornea is the only part of your body without a blood supply. It gets its oxygen directly from the airTrue
56%
your feet have half a million sweat glands that produce over a pint of fluid everydayTrue
49%
The acid in your stomach doesn’t eat through your body because the stomach cells are renewed faster than they are destroyedTrue
48%
Fingernails and hair continue to grow after deathFalse
47%
The average life span of a human hair is 3-7 yearsTrue
47%
A higher IQ is correlated with more dreamsTrue
45%
After eating too much, your hearing is less sharpTrue
43%
Men get hiccups twice as much as womenTrue
43%
Most babies, of all races, are born with blue eyesTrue
42%
Babies can only see black and white when they are bornTrue
41%
Most of your body heat escapes through your headFalse
38%
You have five sensesFalse
30%
Some people are double-jointedFalse
24%

Score Distribution

Percentile by Number Answered

Percent of People with Each Score

Your Score History

You have not taken this quiz